|
|
|
|
| LEADER |
00000nab a22000005a 4500 |
| 001 |
AR-BbUGT8688 |
| 003 |
AR-BbUGT |
| 005 |
20181220002546.0 |
| 007 |
ta |
| 008 |
090828s2006||||ag |||p |||| 0|||||spa d |
| 040 |
|
|
|a AR-BbUGT
|c AR-BbUGT
|
| 100 |
1 |
|
|a Real, Raimundo
|
| 245 |
1 |
0 |
|a Aplicación de la lógica difusa al concepto de rareza para su uso en Gap Analysis :
|b el caso de los mamíferos terrestres en Andalucía
|
| 653 |
|
|
|a Análisis de Desajustes
|
| 653 |
|
|
|a Andalucía
|
| 653 |
|
|
|a Biogeografía
|
| 653 |
|
|
|a Función de Favorabilidad
|
| 653 |
|
|
|a Lógica Difusa
|
| 653 |
|
|
|a Mamíferos
|
| 653 |
|
|
|a Modelación
|
| 653 |
|
|
|a Rareza
|
| 653 |
|
|
|a Renpa
|
| 773 |
0 |
|
|o R1282.44
|g No. 13 (2006), p. 99-116
|t Serie Geográfica
|x 1136-5277
|w AR-BbUGT7060
|
| 942 |
|
|
|2 ddc
|c ARTPP
|
| 999 |
|
|
|c 14204
|d 14204
|